[Event "Klatovy op 22nd"]
[Site "Klatovy"]
[Date "2016.07.03"]
[Round "2"]
[White "Kotal, Vaclav"]
[Black "Vorisek, Jaroslav"]
[Result "0-1"]
[WhiteElo "1886"]
[BlackElo "2171"]
[PlyCount "90"]
[EventDate "2016.07.02"]
[EventType "swiss"]
[EventRounds "9"]
[EventCountry "CZE"]
[SourceTitle "CBM 173 Extra"]
[Source "ChessBase"]
[SourceDate "2016.08.29"]
[SourceVersion "1"]
[SourceVersionDate "2016.08.29"]
[SourceQuality "1"]

1. e4 e5 2. Nf3 Nc6 3. Bb5 a6 4. Ba4 Nf6 5. 0-0 Nxe4 6. d4 b5 7. Bb3 d5 8. dxe5 Be6 9. c3 Be7 10. Be3 0-0 11. Nbd2 Nc5 12. Bc2 Nd7 13. Bf4 f6 14. exf6 Bxf6 15. Re1 Bf7 16. Nb3 Rb8 17. Qd3 g6 18. Nbd4 Nxd4 19. cxd4 Rb6 20. b4 Rc6 21. Bb3 Re8 22. Ne5 Nxe5 23. dxe5 Bg7 24. Rad1 Rc4 25. Bxc4 bxc4 26. Qd4 Bf8 27. Bd2 Be6 28. Bc3 Qc8 29. Qe3 a5 30. b5 a4 31. Qa7 a3 32. Bd4 Qb8 33. Qa6 Qa8 34. Qxa8 Rxa8 35. Rb1 Bf5 36. Rbd1 Rb8 37. e6 Be7 38. b6 cxb6 39. Re5 b5 40. f3 b4 41. g4 Bc2 42. Rde1 b3 43. Rxd5 b2 44. Rd7 Kf8 45. Bg7+ Ke8 0-1